Movies Quiz

Random Movies or Young Adult Quiz
Score 0/8 Timer 01:30
0 Plays Today
% Correct
Chamber of Secrets
98.9%
Philosopher's (Sorcerer's) Stone
96.2%
Deathly Hallows Part 2
91.4%
Order of the Phoenix
91%
Goblet of Fire
89.5%
Deathly Hallows Part 1
89.1%
Prisoner of Azkaban
88.7%
Half-Blood Prince
76.3%
Remove Ads.
Support Sporcle.
Get the best of Sporcle when you Go Orange. This ad-free experience offers more features, more stats, and more fun while also helping to support Sporcle. Thank you for becoming a member.

You're not logged in!

Compare scores with friends on all Sporcle quizzes.
OR
Log In

Show Comments

Extras

Top Quizzes Today


Score Distribution

Your Account Isn't Verified!

In order to create a playlist on Sporcle, you need to verify the email address you used during registration. Go to your Sporcle Settings to finish the process.

Report this User

Report this user for behavior that violates our Community Guidelines.

Details: